000 00264nam a22001217a 4500
008 171023b xxu||||| |||| 00| 0 eng d
041 _aeng
080 _22ND
_a311
100 _a55
101 _aSTA
245 _aSTATISTICS IN RESEARCH
_cOSTLE,B
942 _2udc
_cBK
999 _c35507
_d35507